书目信息 |
| 题名: |
回到半坡
|
|
| 作者: | 郭京宁 著 | |
| 分册: | ||
| 出版信息: | 上海 上海古籍出版社 2010.08 |
|
| 页数: | 113页 | |
| 开本: | 18cm | |
| 丛书名: | 发现中国 | |
| 单 册: | ||
| 中图分类: | K871.13 | |
| 科图分类: | ||
| 主题词: | ||
| 电子资源: | ||
| ISBN: | 978-7-5325-5540-6 | |
| 000 | 00845oam2 2200277 450 | |
| 001 | 012010184815 | |
| 005 | 20120612090704.68 | |
| 010 | @a978-7-5325-5540-6@dCNY18.00 | |
| 100 | @a20100202d2010 em y0chiy0110 ea | |
| 101 | 0 | @achi |
| 102 | @aCN@b310000 | |
| 105 | @aa z 000yy | |
| 106 | @ar | |
| 200 | 1 | @a回到半坡@9hui dao ban po@f郭京宁著 |
| 210 | @a上海@c上海古籍出版社@d2010.08 | |
| 215 | @a113页@c图@d18cm | |
| 225 | 2 | @a发现中国 |
| 330 | @a本书内容包括:偶然的发现、华夏第一村、另一个世界、农业的曙光、艺智的结合、民以食为天、文字的萌芽、千年的容颜等10章。 | |
| 461 | 0 | @12001 @a发现中国 |
| 600 | @a文化遗址 | |
| 607 | @a半坡(考古地名)@x文化遗址@x简介 | |
| 607 | @a半坡(考古地名) | |
| 690 | @aK871.13@v4 | |
| 701 | 0 | @a郭京宁@9guo jing ning@4著 |
| 801 | 0 | @aCN@bRENTIAN@c20100918 |
| 905 | @b539494-98@dK871.13@e275@f5 | |
| 回到半坡/郭京宁著.-上海:上海古籍出版社,2010.08 |
| 113页:图;18cm.-(发现中国) |
| ISBN 978-7-5325-5540-6:CNY18.00 |
| 本书内容包括:偶然的发现、华夏第一村、另一个世界、农业的曙光、艺智的结合、民以食为天、文字的萌芽、千年的容颜等10章。 |
| ● |
| 相关链接 |
|
|
|
|
正题名:回到半坡
索取号:K871.13/275
 
预约/预借
| 序号 | 登录号 | 条形码 | 馆藏地/架位号 | 状态 | 备注 |
| 1 | 539494 | 205394946 | 第二样本阅览室/ [索取号:K871.13/275] | 在馆 | |
| 2 | 539495 | 205394955 | 第二借阅区/ [索取号:K871.13/275] | 在馆 | |
| 3 | 539496 | 205394964 | 密集书库-史法系/ [索取号:K871.13/275] | 在馆 | |
| 4 | 539497 | 205394973 | 第二借阅区/ [索取号:K871.13/275] | 在馆 | |
| 5 | 539498 | 205394982 | 第二借阅区/ [索取号:K871.13/275] | 在馆 |